00706nam a22002297a 450000500170000001000130001702000100003003500130004003700160005304000120006908200170008110000230009824501270012126000390024827000380028730000330032550000190035865000330037765000160041070000210042670000290044720170124110153.0 aA-705709 c00.00 aA-705709 bCen Lib/Ret aDPLbEN a618.178bMAL aMalpani, Aniruddha aGetting pregnant : cby Aniruddha Malpani, Anjali Malpani [and] Anne de Braganca Cunhaba guide for the infertile couple / aNew Delhi bU B S Publishersc1994 a5, Ansari RoadbNew Delhie110002 axii, 321p. :c21cm(Hb)bill. aIncludes index aInfertility -- Popular works aInfertility aMalpani, Anjali  aCunha, Anne de Braganca